| 000 | 00492nam a2200193 4500 | ||
|---|---|---|---|
| 003 | LK-CoMWRAF | ||
| 005 | 20231114213558.0 | ||
| 008 | 231114b |||||||| |||| 00| 0 eng d | ||
| 020 | _a0385037872 | ||
| 040 |
_aLK-CoMWRAF _dLK-CoMWRAF _eLK-CoMWRAF |
||
| 041 | _aeng | ||
| 082 |
_a929.2 _bHAY |
||
| 100 | _aHaley, Alex | ||
| 245 | _aRoots | ||
| 260 |
_aGarden City, N.Y. : _bDoubleday, _c1976 |
||
| 300 | _aviii, 688 p. ; 24 cm. | ||
| 650 | _aAfrican Americans--Biography | ||
| 942 | _cBK | ||
| 999 |
_c4078 _d4078 |
||